Images That Start with 'C' Quiz Stats

Quiz Updated Apr 5, 2018

Challenge
Share
Tweet
Score 0/20 Timer 04:00
0 Plays Today
% Correct
calculator
98.4%
cobra
94.2%
canyon
92%
cranberries
89.3%
cello
88%
coal
88%
cauliflower
87.3%
California
86.1%
China
85%
caterpillar
82.1%
% Correct
compass
76.5%
cyclops
75.3%
carousel
73.8%
crayfish
68.2%
catapult
63.4%
carnation
58.7%
copper
53.3%
caviar
47.1%
condor
39.4%
cedar
22.2%

You're not logged in!

Compare scores with friends on all Sporcle quizzes.
Join for Free
OR
Log In

You Might Also Like...

Show Comments

Extras

Top Quizzes Today


Score Distribution

Your Account Isn't Verified!

In order to create a playlist on Sporcle, you need to verify the email address you used during registration. Go to your Sporcle Settings to finish the process.

Report this User

Report this user for behavior that violates our Community Guidelines.

Details: